000 00865nam a2200265 i 4500
001 bg
245 0 0 _aLabour market institutions /
_cred. nauk. Danuta Kopycińska ; University of Szczecin. Microeconomics Department.
260 _aSzczecin :
_bPRINT GROUP Daniel Krzanowski,
_c2006.
300 _a105 s. :
_b1 wykr. ;
_c24 cm.
490 1 _aEconomics & Competition Policy. Monogrph ;
_vNo 6
504 _aBibliogr. przy art.
650 9 _aRynek pracy
_zkraje Unii Europejskiej
650 9 _aRynek pracy
_zPolska
700 1 _aKOPYCIŃSKA, Danuta.
_eRed.
830 0 _aEconomics & Competition Policy.
_pMonogrph
020 _a8360065799
020 _a9788360065792
040 _cBPK
041 0 _aeng
080 _a331.5/.9(4:438)
920 _a83-60065-79-9
920 _a978-83-60065-79-2
942 _cKS
008 s pl f |000 0 pol
999 _c53672
_d53672
856 _uhttp://koha.tu.koszalin.pl/cgi-bin/koha/opac-detail.pl?biblionumber=53672
_yKatalog online BPK